000 00689cam a22002413a 4500
001 21593
003 PGUSA
005 20140828083447.0
008 070524s2007||||xxu|||||s|||||000 1 eng d
040 _aPGUSA
_beng
042 _adc
050 4 _aPT
100 1 _aKafka, Franz,
_d1883-1924
245 1 0 _aDas Urteil :
_bEine Geschichte
_h[electronic resource] /
_cFranz Kafka
260 _bProject Gutenberg,
_c2007
506 _aPublic domain in the USA.
516 _aElectronic text
653 _aConflict of generations -- Fiction
653 _aFathers and sons -- Fiction
830 0 _aProject Gutenberg
_v21593
856 4 0 _uhttp://www.gutenberg.org/ebooks/21593
942 _cEB
999 _c250848
_d250848